Estudios de la ciudad (Record no. 108704)

MARC details
000 -LEADER
fixed length control field 00766nam a22002057a 4500
005 - DATE AND TIME OF LATEST TRANSACTION
control field 20250905132215.0
008 - FIXED-LENGTH DATA ELEMENTS--GENERAL INFORMATION
fixed length control field 250905b mx ||||| |||| 00| 0 spa d
020 ## - INTERNATIONAL STANDARD BOOK NUMBER
International Standard Book Number 9688958883
050 04 - LIBRARY OF CONGRESS CALL NUMBER
Classification number HT371
Item number G66 2000
100 1# - MAIN ENTRY--PERSONAL NAME
Personal name González Romero, Daniel.
245 10 - TITLE STATEMENT
Title Estudios de la ciudad
Statement of responsibility, etc / Daniel González Romero, Adriana Ines Olivares González.
250 ## - EDITION STATEMENT
Edition statement 1a ed.
260 ## - PUBLICATION, DISTRIBUTION, ETC. (IMPRINT)
Place of publication, distribution, etc México :
Name of publisher, distributor, etc Universidad de Guadalajara, Centro Universitario de Arte, Arquitectura y Diseño, Departamento de Proyectos de Urbanística,
Date of publication, distribution, etc 2000.
300 ## - PHYSICAL DESCRIPTION
Extent 135 p. ;
Dimensions 22 cm.
504 ## - BIBLIOGRAPHY, ETC. NOTE
Bibliography, etc Incluye bibliografía.
650 #7 - SUBJECT ADDED ENTRY--TOPICAL TERM
Source of heading or term lemb
Topical term or geographic name as entry element Ciudades y pueblos
General subdivision Crecimiento
650 #7 - SUBJECT ADDED ENTRY--TOPICAL TERM
Source of heading or term lemb
Topical term or geographic name as entry element Urbanización
700 1# - ADDED ENTRY--PERSONAL NAME
Personal name Olivares González, Adriana Ines,
Relator term autor
942 ## - ADDED ENTRY ELEMENTS (KOHA)
Source of classification or shelving scheme Biblioteca del Cogreso de los Estados Unidos
Koha item type Libro
Holdings
Estado de pérdida Fuente de clasificación Estado del daño No para préstamo Ubicación permanente Ubicación actual Apartado o colección Fecha de adquisición Edición Área del conocimiento Total Checkouts Clasificación Código de Barras Date last seen Número de copia Costo por reposición Tipo de recurso Nota pública
  Biblioteca del Cogreso de los Estados Unidos     Biblioteca de la Facultad de Arquitectura Biblioteca de la Facultad de Arquitectura General 05/09/2025 1a ed. Ciencias Sociales y Administrativas   HT371 G66 2000 BFA000006130 05/09/2025 1 1.00 Libro POSGRADO